MARC details
| 000 -CABECERA |
| campo de control de longitud fija |
01333nam a22002777a 4500 |
| 005 - FECHA Y HORA DE LA ÚLTIMA TRANSACCIÓN |
| campo de control |
20240924065227.0 |
| 007 - CAMPO FIJO DE DESCRIPCIÓN FÍSICA--INFORMACIÓN GENERAL |
| campo de control de longitud fija |
cr |||aaa||||| |
| 008 - ELEMENTOS DE LONGITUD FIJA--INFORMACIÓN GENERAL |
| campo de control de longitud fija |
240105s2021 cl| |||fo|||| 000 0 spa d |
| 040 ## - FUENTE DE LA CATALOGACIÓN |
| Centro catalogador/agencia de origen |
MX-MxUPN |
| Lengua de catalogación |
spa |
| Centro/agencia transcriptor |
MX-MxUPN |
| Normas de descripción |
aacr2 |
| 050 #4 - SIGNATURA TOPOGRÁFICA DE LA BIBLIOTECA DEL CONGRESO |
| Número de clasificación |
LB1607.53 M6 |
| 100 1# - ASIENTO PRINCIPAL--NOMBRE PERSONAL |
| 9 (RLIN) |
50730 |
| Nombre de persona |
Castro, Mariana Elizabeth |
| 100 1# - ASIENTO PRINCIPAL--NOMBRE PERSONAL |
| 9 (RLIN) |
50731 |
| Nombre de persona |
González Reyes, José Humberto |
| 100 1# - ASIENTO PRINCIPAL--NOMBRE PERSONAL |
| 9 (RLIN) |
50732 |
| Nombre de persona |
Vergara Lozada, Dafne Esther |
| 245 10 - MENCIÓN DE TÍTULO |
| Título |
Diversificación de la estructura de la escuela secundaria y segmentación educativa en América Latina : |
| Resto del título |
la experiencia de adolescentes y jóvenes en México |
| Medio |
[recurso electrónico en línea] |
| 260 ## - PUBLICACIÓN, DISTRIBUCIÓN, ETC. |
| Lugar de publicación, distribución, etc. |
Santiago : |
| Nombre del editor, distribuidor, etc. |
Comisión Económica para América Latina y el Caribe : |
| -- |
Instituto Internacional de Planeamiento de la Educación : |
| -- |
Ministerio de Asuntos Exteriores de Noruega, |
| Fecha de publicación, distribución, etc. |
2021 |
| 300 ## - DESCRIPCIÓN FÍSICA |
| Extensión |
1 recurso en línea (79 páginas) : |
| Otras características físicas |
PDF |
| 490 0# - MENCIÓN DE SERIE |
| Mención de serie |
Documentos de proyectos |
| 506 ## - NOTA DE RESTRICCIONES AL ACCESO |
| Limitaciones de acceso |
Acceso abierto. |
| 650 #4 - ASIENTO SECUNDARIO DE MATERIA - TERMINO TEMATICO |
| Término de materia o nombre geográfico como elemento de entrada |
Educación secundaria |
| Subdivisión geográfica |
México |
| 9 (RLIN) |
5381 |
| 650 #4 - ASIENTO SECUNDARIO DE MATERIA - TERMINO TEMATICO |
| 9 (RLIN) |
2256 |
| Término de materia o nombre geográfico como elemento de entrada |
Educación media superior |
| Subdivisión geográfica |
México |
| 650 #2 - ASIENTO SECUNDARIO DE MATERIA - TERMINO TEMATICO |
| 9 (RLIN) |
15726 |
| Término de materia o nombre geográfico como elemento de entrada |
Estudiantes de escuela secundaria |
| Subdivisión general |
Actitudes |
| Subdivisión geográfica |
México |
| 650 #4 - ASIENTO SECUNDARIO DE MATERIA - TERMINO TEMATICO |
| 9 (RLIN) |
50733 |
| Término de materia o nombre geográfico como elemento de entrada |
Estudiantes de educación media superior |
| Subdivisión geográfica |
México |
| Subdivisión de forma |
Actitudes |
| 856 40 - LOCALIZACIÓN Y ACCESO ELECTRÓNICOS |
| Identificador Uniforme del Recurso |
<a href="https://hdl.handle.net/11362/46860">https://hdl.handle.net/11362/46860</a> |
| 902 ## - ELEMENTOS DE DATOS B LOCAL, LDB (RLIN) |
| Creó |
VíctorGodínez/050124 |
| 942 ## - ELEMENTOS DE PUNTO DE ACCESO ADICIONAL (KOHA) |
| Fuente del sistema de clasificación o colocación |
Library of Congress Classification |
| Tipo de ítem Koha |
Libro Electrónico |